000 00590nam a2200217 i 4500
003 URS
005 20220117094910.0
008 170518b xxu||||| |||| 00| 0 eng d
020 _a9712302423
040 _erda
_cCollege
_beng
050 0 0 _aBF121
_bB4195 1987
100 1 _aBeltran, Jane Q.,
_eauthor
245 1 0 _aGeneral Psychology
_cBeltran, Jane Q.
264 1 _aManila
_bRex Book Store
_c1987.
300 _a[viii], 176 pages ;
_c22 cm.
336 _2rdacontent
_atext
337 _2rdamedia
_aunmediated
338 _2rdacarrier
_avolume
650 _aPsychology.
942 _2lcc
_cF
999 _c11858
_d11858